Grandhotel Schwarzenberg. Cesty osudu /
Román pro ženy, odehrávající se v prostředí bavorských Alp na počátku 20. století, je první částí rodinné ságy.
Uloženo v:
| Série: | Grandhotel Schwarzenberg,
část 1 |
|---|---|
| Hlavní autor: | |
| Další autoři: | |
| Médium: | E-kniha |
| Jazyk: | Czech |
| Vydáno: |
Brno :
MOBA,
2021
|
| Vydání: | Vydání první |
| Témata: | |
| Příbuzné jednotky: | Z cyklu::
Grandhotel Schwarzenberg |
| Tagy: |
Žádné tagy |
| LEADER | 02443cam a2200481 i 4500 | ||
|---|---|---|---|
| 001 | 311395 | ||
| 003 | CZ PrSKC | ||
| 005 | 20260601215704.0 | ||
| 007 | ta | ||
| 008 | 210909s2021 xr g 000 f cze d | ||
| 015 | |a cnb003351298 | ||
| 020 | |a 9788027900299 |q (vázáno) | ||
| 035 | |a (OCoLC)1284974697 | ||
| 040 | |a CBA001 |b cze |d ABG001 |d ABA001 |e rda | ||
| 041 | 1 | |a cze |h ger | |
| 072 | 7 | |a 821.112.2-3 |x Německá próza, německy psaná |2 Konspekt | |
| 080 | |a 821.112.2-31 |2 MRF | ||
| 080 | |a (0:82-312.5) |2 MRF | ||
| 100 | 1 | |a Oliver, Sophie |7 xx0263949 |4 aut | |
| 240 | 1 | 0 | |a Weg des Schicksals. |l Česky |
| 245 | 1 | 0 | |a Grandhotel Schwarzenberg. |p Cesty osudu / |c Sophie Oliver ; překlad Dagmar Hoangová |
| 246 | 3 | 0 | |a Cesty osudu |
| 250 | |a Vydání první | ||
| 264 | 1 | |a Brno : |b MOBA, |c 2021 | |
| 300 | |a 286 stran ; |c 21 cm | ||
| 336 | |a text |b txt |2 rdacontent | ||
| 337 | |a bez média |b n |2 rdamedia | ||
| 338 | |a svazek |b nc |2 rdacarrier | ||
| 500 | |a Přeloženo z němčiny | ||
| 520 | 2 | |a Román pro ženy, odehrávající se v prostředí bavorských Alp na počátku 20. století, je první částí rodinné ságy. |b Bad Reichenhall, rok 1905. V exklusivních lázních v bavorských Alpách se mladá Anna Gmeinerová zamiluje do Michaela. Oba touží po lepším životě. Michael se rozhodne hledat své ve světě a Annu si později přivézt. Pak však dojde k hroznému zločinu a Anna je přinucena provdat se za jiného muže. V mondénním lázeňském místě Bad Reichenhall si musí vybojovat místo mezi solnými barony, hoteliéry a bohatými lázeňskými hosty z celého světa... Nakladatelská anotace. | |
| 546 | |a Český text | ||
| 655 | 7 | |a německé romány |7 fd132945 |2 czenas | |
| 655 | 7 | |a milostné romány |7 fd132840 |2 czenas | |
| 655 | 9 | |a German fiction |2 eczenas | |
| 655 | 9 | |a love novels |2 eczenas | |
| 700 | 1 | |a Hoangová, Dagmar |7 xx0068788 |4 trl | |
| 765 | 1 | |t Grandhotel Schwarzenberg | |
| 787 | 0 | 8 | |i Z cyklu: |t Grandhotel Schwarzenberg |g 1 |
| 900 | |a ABA001 |b 21 | ||
| 044 | |a xr | ||
| 910 | |a RBIT002 | ||
| 998 | |d 334350 |a https://core.palmknihy.cz/api/books/334350/cover?qyhlrk |b https://core.palmknihy.cz/api/books/334350/cover/400?qyhlrk |c https://core.palmknihy.cz/api/books/334350/cover/50?qyhlrk |e 2026-09-30 |g 288 |i 9788027900299 |j https://core.palmknihy.cz/api/books/334350/preview.epub |l |q 49 |r 1 |s https://www.palmknihy.cz/kniha/334350 |t ebook |y 2021 |z 0 |v Grandhotel Schwarzenberg |w 1 | ||
| 999 | |d 311393 | ||